| 000 | 00928nam a2200253 i 4500 | ||
|---|---|---|---|
| 001 | 183078 | ||
| 003 | ES-MaACL | ||
| 005 | 20240607104416.0 | ||
| 008 | 140115s2002 sp |||| | spa d | ||
| 020 | _a84-8432-335-8 | ||
| 080 | _a821.134.2-1"04/14"(082.2) | ||
| 245 | 0 | 0 |
_aPoesía española. _n2, _pEdad Media: lírica y cancioneros / _cedición deVicenç Beltran. |
| 260 |
_aBarcelona : _bCrítica, _c2002. |
||
| 300 |
_a1021 p. ; _c20 cm. |
||
| 490 | 1 | _aPáginas de biblioteca clásica | |
| 504 | _aBibliografía: p. 929-1011. Índices. | ||
| 650 | 4 |
_aPoesías españolas- _yHasta S.XV. _9152332 |
|
| 700 | 1 |
_aBeltrán, Vicenç, _d1948- _927350 |
|
| 830 | 0 |
_aPáginas de biblioteca clásica _9191866 |
|
| 852 |
_aES-MaACL _jA-13031 _9149806 _bR.149806 _cDEPO1 _dOlim: N-6031 _hDonación: Real Academia Española |
||
| 914 |
_96336 _aReal Academia Española _ednr |
||
| 942 |
_2udc _cMONOGRAFIA |
||
| 999 |
_c183078 _d183078 |
||